000 01296cad a22002655a 4500
001 E149657
008 100406e20100323xxk f f000 0 eng d
020 1 _a9780117540958
035 _a(Sirsi) u149657
041 0 _aeng
050 0 4 _a711.52 $2 18
110 2 _aUnited Kingdom
_bDepartment for Communities and Local Government
_94939
245 0 0 _aPlanning policy statement 5
_bplanning for the historic environment
_h[electronic resource]
260 _aLondon
_bDCLG
_c2010
490 0 _aPlanning Policy Statement
_v5
520 _aSets out planning policies relating to the conservation of the historic environment. Replaces "Planning Policy Guidance 15: Planning and the Historic Environment (PPG15)" published on 14 September 1994 and "Planning Policy Guidance 16: Archaeology and Planning (PPG16)" published on 21 November 1990.
521 _aAdvanced
590 _aKA NTK
650 2 4 _aPLANNING POLICY STATEMENT 5
651 4 _aEngland and Wales
_y1543-
690 _aBUILT ENVIRONMENT-BUILDING TYPES-ANCIENT MONUMENTS AND HISTORIC BUILDINGS
690 _aENVIRONMENTAL AND LAND CONSULTANCY-PLANNING AND DEVELOPMENT
856 4 0 _uhttps://www.communities.gov.uk/documents/planningandbuilding/pdf/1514132.pdf
_zView the item free of charge at www.communities.gov.uk
942 _n0
999 _c110585
_d110585